Afterglow - Lyrics - Statistics

General Stats
  • This quiz has been taken 20 times
  • The average score is 21 of 28
Answer Stats
Answer % Correct
Stop the {clocks}, it's amazing
100%
And we'll burn so bright til {the} darkness softly clears
92%
Tryna find ourselves in {the} winter snow
92%
A million colors hazel, {golden} red
85%
Oh, I will hold on 'til the {afterglow}
85%
Oh, I will {hold} on 'til the afterglow
85%
Oh, I will {hold} on til the afterglow
85%
This is {a} new dimension
85%
We were {love} drunk, waiting an a miracle
85%
You should see the way the light {dances} off your hair
85%
And we'll burn so {bright} til the darkness softly clears
77%
{Oh}, I will hold on til the afterglow
77%
{Saturday} morning is fading
77%
The weather {outside} is changing
77%
This is a level where {we're} losing track if time
77%
We were love drunk, {waiting} on a miracle
77%
I'm {holding} nothing against except you and I
69%
My eyes are caught in your {gaze} all over again
69%
Oh I won't be {silent} and I won't let go
69%
Oh, I won't be silent I won't {let} go
69%
So alone in love like the world has {disappeared}
69%
So {alone} in love like the world has disappeared
69%
The leaves are buried under {six} inches of white
69%
The suns {reflected} by the coffee in your hand
69%
Tryna find {ourselves} in the winter snow
69%
The radio is playing {Iron & Wine}
62%
I will hold on {tighter} 'til the afterglow
54%
I will hold on {tighter} til the afterglow
54%
No matching quizzes found
Score Distribution
Percent of People with Each Score
Percentile by Number Answered
Your Score History
You have not taken this quiz